000 00290pam a2200121 a 4500
020 _c
041 _h
100 _aWillam F. Powell.
245 _aDrawing Wild Animals
_hTextual Documents
260 _a[s.l]:
_bUnited States in America,
_c2005.
300 _a31:
_bHard.
930 _a6934
999 _c240724
_d240724